Remedios milenarios : (Registro nro. 11473)

Detalles MARC
000 -LIDER
fixed length control field 01086nam a22003137a 4500
001 - NÚMERO DE CONTROL
Identificador de número de control 0011415
003 - IDENTIFICACDOR DE NÚMERO DE CONTROL
control field DO-SdBNP
005 - DATE AND TIME OF LATEST TRANSACTION
control field 20231102130926.0
007 - CAMPOS FIJOS DE DESCRIPCIÓN FÍSICA
fixed length control field 0011415
008 - ELEMENTOS DE LONGITUD FIJA
fixed length control field 160921b 2009 ag 00| 0 spa d
020 ## - ISBN
International Standard Book Number 9789507716379
040 ## - FUENTE DE CATALOGACIÓN
Agencia que crea de manera original el registro BPMSU
Idioma de catalogación spa
Agencia que realiza la transcripción BPMSU
082 #4 - NÚMERO DE CLASIFICACIÓN DECIMAL DE DEWEY
Classification number R581.634
Item number I91p 2009
Edition number 22
100 1# - ASIENTO PRINCIPAL -- NOMBRE PERSONAL
Nombre personal Itzik, Alejandro Marcelo
245 10 - MENCIÓN DE TITULO
Título Remedios milenarios :
Subtítulo las plantas que curan /
Mención de responsabilidad redacción Alejandro Marcelo Itzik ; ilustraciones especiales Ana Favazza, Pablo Olivera.
246 14 - VARIACION DEL TÍTULO
Título propiamente dicho o título corto Las plantas curativas :
Subtítulo sanan desde siempre ; hierbas, plantas, semillas, raíces, alimentos.
260 ## - PUBLICACIÓN, DISTRIBUCIÓN, ETC. (PIE DE IMPRENTA)
Lugar de publicación, distribución, etc Buenos Aires, Argentina :
Nombre del editor, distribuidor, etc. Cultural Librera Americana,
Fecha de publicación, distribución, etc 2009
300 ## - DESCRIPCIÓN FÍSICA
Extensión 360 p. :
Otros detalles físicos il., ;
Dimensiones 28 cm.
590 ## - NOTA LOCAL
Texto de la nota local Inventariadoj, 2023/VM
650 #4 - ENCABEZAMIENTO DE MATERIA--TEMÁTICO
Término temático o nombre geográfico como elemento de entrada Plantas medicinales
650 #4 - ENCABEZAMIENTO DE MATERIA--TEMÁTICO
Término temático o nombre geográfico como elemento de entrada Botánica médica
650 #4 - ENCABEZAMIENTO DE MATERIA--TEMÁTICO
Término temático o nombre geográfico como elemento de entrada Matéria médica vegetal
650 #4 - ENCABEZAMIENTO DE MATERIA--TEMÁTICO
Término temático o nombre geográfico como elemento de entrada Plantas medicinales
Subdivisión de forma Diccionarios.
700 1# - ASIENTO SECUNDARIO -- NOMBRE PERSONAL
Nombre personal Favazza, Ana
Mención de responsabilidad il.
700 1# - ASIENTO SECUNDARIO -- NOMBRE PERSONAL
Nombre personal Olivera, Pablo,
Mención de responsabilidad il.
710 2# - ASIENTO SECUNDARIO -- NOMBRE CORPORATIVO
Nombre corporativo o de jurisdicción Lexus
910 ## - VALIDACIÓN
Validación VMateo V./Control de calidad MFF
942 ## - ADDED ENTRY ELEMENTS (KOHA)
Source of classification or shelving scheme Dewey Decimal Classification
Koha item type Libros
Existencias
Withdrawn status Lost status Source of classification or shelving scheme Damaged status Not for loan Collection code Home library Current library Date acquired Source of acquisition Total Checkouts Full call number Barcode Date last seen Price effective from Koha item type Copy number
    Dewey Decimal Classification     Colección de Referencia General Biblioteca Pública Metropolitana Salomé Ureña Biblioteca Pública Metropolitana Salomé Ureña 09/21/2016 Compra   BPMSU CGR R581.634 I91p 2009 BPMSU16090447 09/21/2016 09/21/2016 Libros  
    Dewey Decimal Classification     Colección de Referencia General Biblioteca Pública Metropolitana Salomé Ureña Biblioteca Pública Metropolitana Salomé Ureña 09/21/2016 Compra   BPMSU CGR R581.634 I91p 2009 BPMSU16090448 09/21/2016 09/21/2016 Libros e.2